№ 5 (1909), 2 (1911), 2-7 (1912); Известия общего бюро совещательных съездов

Podrobná bibliografie
Parent link:Известия общего бюро совещательных съездов: производственный журнал. № 5 (1909), 2 (1911), 2-7 (1912).— , 1909, 1911-1912
Jazyk:ruština
Vydáno: 1909
Médium: MixedMaterials Kniha
KOHA link:https://koha.lib.tpu.ru/cgi-bin/koha/opac-detail.pl?biblionumber=544092

MARC

LEADER 00000nam2a2200000 4500
001 544092
005 20231101115356.0
035 |a (RuTPU)RU\TPU\prd\235794 
035 |a RU\TPU\prd\224114 
090 |a 544092 
100 |a 20150506b1909 k y0rusy50 ca 
101 0 |a rus 
102 |a RU 
200 0 |a № 5 (1909), 2 (1911), 2-7 (1912) 
210 |d 1909 
461 1 |0 (RuTPU)RU\TPU\prd\25608  |t Известия общего бюро совещательных съездов  |o производственный журнал  |v № 5 (1909), 2 (1911), 2-7 (1912)  |d 1909, 1911-1912 
801 0 |a RU  |b 63413507  |c 20010227  |g PSBO 
801 1 |a RU  |b 63413507  |c 20060912  |g PSBO 
801 2 |a RU  |b 63413507  |c 20150506  |g PSBO 
942 |c BK 
999 |a НТБ_ТПУ  |b РФ  |e -4/20150112  |p П-1165  |u 0,00  |v 1